Deep listeners : music, emotion, and trancing

Αποθηκεύτηκε σε:
Λεπτομέρειες βιβλιογραφικής εγγραφής
Κύριος συγγραφέας: Becker, Judith O.
Μορφή: Βιβλίο
Γλώσσα:English
Δημοσίευση: Bloomington : Indiana University Press, c2004
Θέματα:
Ετικέτες: Προσθήκη ετικέτας
Δεν υπάρχουν, Καταχωρήστε ετικέτα πρώτοι!

MARC

LEADER 00000nam a2200000 i 4500
001 1/55137
008 070918s2004 eng d
020 |a 0-253-21672-9 
035 |l 10090780 
040 |a GR-MY-UA  |b gre  |e aacr 
041 0 |a eng 
082 0 |a 781.11  |2 (22) 
100 1 |a Becker, Judith O. 
245 1 0 |a Deep listeners :  |b music, emotion, and trancing /  |c Judith Becker 
260 |a Bloomington :   |b Indiana University Press,   |c c2004 
300 |a xii, 194 σ.;  |b εικ.;  |c 24 εκ.+  |e 1 δίσκος κόμπακτ (4 3/4 ιν.) 
504 |a Βιβλιογραφία: σ. 167-186 
504 |a Ευρετήριο: σ. 187-194 
650 0 0 |a Music  |x Psychological aspects. 
650 0 0 |a Music, Influence of. 
650 0 0 |a Emotions  |x Physiological aspects. 
852 |a INST  |b LESVOS  |e 20070918  |h 781.11 BEC  |p 005100041207  |q 005100041207  |t BK  |y 0 
852 |a INST  |b LESVOS  |e 20070918  |h 781.11 BEC   |p 005100041208  |q 005100041208  |t BK  |y 0 
901 |a BIBL1-2007-3 
909 |a Λ  |b 138991 
909 |a Λ  |b 137453 
922 |a 1ΕΛΗ  |b 200708  |c ΕΠΕΑΕΚ2/ΤΚΑ  |d ΕΛΕΥΘΕΡΟΥΔΑΚΗΣ 
970 |a ΚΑΡΑ  |b ΓΙΑΣΕΜΗ  |z 2007/09/18